01265nam a2200241 i 4500001000700000003000700007005001700014008004100031080002200072080002300094100003900117245038800156260007900544300002100623504003000644650003200674650004300706700004800749710006200797852002200859999001900881952012300900189900SpMaBN20250808083646.0191223s1978 sp |||| | spa d a34(460.11)"11/12" a348(460.11)"11/12"1 aGonzález López, Emilio.95876310aCanonistas del noroeste de España profesores de Bolonia b: su influencia en el desarrollo del derecho canónico en Europa y en la formación de las universidades españolas : discurso leído el día 4 de noviembre de 1978, en la solemne sesión de ingreso del académico de número Don Emilio González López y contestación del Excmo. Señor Pío Cabanillas Gallas. aLa Coruña : bAcademia Gallega de Jurisprudencia y Legislación,c1978. a91 p. ; c27 cm. aBibliografía: p. 77-80. 7aAbogados-zGalicia.9167271 7aDerecho canónico-zGalicia291692261 aCabanillas Gallas, Pío,d1923-19919331472 aAcademia Gallega de Jurisprudencia y Legislación.91197 aES-MaACLjL-32484 c189900d189900 00104070aATENEOMbATENEOMcDEPO2d2019-12-23eDONl0oL-32484p1201434r2023-02-23 00:00:00w2023-02-23yMONOGRAFIA